|
|
|
|
| LEADER |
00000nab a2200000 ar4500 |
| 001 |
vtls009003810 |
| 003 |
SK-MaSNL |
| 005 |
20260303065610.0 |
| 008 |
070516c20070512xo |||||||| 000 b|hun |
| 015 |
|
|
|a SNBRB2007/05
|2 snkbucl
|
| 038 |
|
|
|a SNKBUCL
|
| 040 |
|
|
|a DSZK
|b slo
|c DSZK
|e AACR2
|
| 041 |
0 |
|
|a hun
|
| 044 |
|
|
|a xo
|c SK
|
| 080 |
|
|
|a 78.071.2:784.66
|2 1997
|
| 080 |
|
|
|a 784.66
|2 1997
|
| 100 |
1 |
|
|a Puha, József,
|d 1974-
|4 aut
|9 841893
|
| 245 |
1 |
0 |
|a Quimby: Family Tugedör
|c Puha József
|
| 300 |
|
|
|b Fotogr.
|
| 610 |
2 |
7 |
|a Quimby (hudobná skupina)
|2 snkbucl
|9 849997
|
| 773 |
0 |
|
|t Új szó
|g Évf. 60, sz. 108 (12.5.2007), o. 12
|
| 773 |
0 |
8 |
|i Mell.:
|t Szalon
|g Évf. 1, sz. 18 (2007)
|
| 852 |
|
|
|a SNK
|b KIS3GCP
|
| 852 |
|
|
|a DSZK
|b KIS3GCP
|
| 958 |
|
|
|a HU
|
| 999 |
|
|
|c 1751868
|d 1753798
|